| 000 | 00560nam a2200193Ia 4500 | ||
|---|---|---|---|
| 003 | GCL | ||
| 008 | 140319s9999 xx 000 0 ara d | ||
| 040 |
_aGCL / _cGCL |
||
| 082 | 0 | 4 |
_a182.4 _bهـ ج |
| 100 | 1 | _aهيرقليطس | |
| 245 | 1 | 0 |
_aجدل الحب والحرب / _cهيرقليطس |
| 700 | 1 | _aمجاهد عبدالمنعم مجاهد | |
| 300 | _a129 ص | ||
| 490 |
_aسلسلة النصوص الفلسفية _v0 |
||
| 650 | 0 | 4 | _aالفلسفة اليونانية |
| 650 | 0 | 4 | _aالتفكير |
| 650 | 0 | 4 | _aهيرقليطس |
| 942 |
_2ddc _cBK |
||
| 999 |
_c39688 _d39688 |
||